| 000 | 00569nam a2200217 i 4500 | ||
|---|---|---|---|
| 001 | 15057 | ||
| 003 | ES-MaACL | ||
| 005 | 20250801154639.0 | ||
| 007 | t| | ||
| 008 | 991214s1991 sp ||||1| spa d | ||
| 020 | _a84-404-9780-6 | ||
| 080 | _a159.942 | ||
| 100 | 1 |
_aValla, Horacio. _9112718 |
|
| 245 | 1 | 0 |
_aDe amor y de psicoanálisis / _cHoracio Valla. |
| 250 | _a[1ª ed]. | ||
| 260 |
_aMadrid : _bLetras Abiertas, _c1991. |
||
| 300 |
_a87 p. ; _c22 cm. |
||
| 650 | 7 |
_aAmor _2embne _99754 |
|
| 852 |
_aES-MaACL _jL-22328 _bR.127742 |
||
| 999 |
_c15057 _d15057 |
||